00913nam a22002777a 4500001001000000003000500010005001700015008004100032010001100073011001100084035001100095040000900106082001800115110002300133245011400156246008300270260002400353300003900377500002700416650003400443650003400477650003100511650003700542650002500579650003100604000106709CHAP20241015134226.0120517s1984 it b rn 00010 spa d a103171 a104143 a114832 cCHAP04a636.2142bF212 aFAO. Banco mundial10aMéxico :bproyecto de desarrollo lechero informe de la misión de reconocimiento /cpor FAO/Banco Mundial.3 aInforme del programa de cooperación FAO/BANCO mundial. Centro de inversiones aRoma :bFAO,c1984. a[80] p. :bilus., cuadros, mapas,. a117/84 CP-Méx.10 (S)14aGanado lecheroxProducción.17aIndustria lecherazMéxico214aLechexMercadeoxMéxico.14aPolítica agrícolazMéxico.14aPolítica ganadera.14aProyectosxFinanciamiento.